000 00851naa a2200217 4500
005 20090925162334.0
008 080911t xxu||||| |||| 00| 0 eng d
010 _aENG-95058
020 _c300.00
_a9788178795157
035 _aEN-78591
037 _bDBAD / PUB
040 _adpl
_bEnglish
082 _a796.06
245 _aOrganization and administration in physical education /
_cedited & compiled by Baljit Singh
260 _aNew Delhi
_bSports Publication
_c2009
270 _a7/26, Ground Floor, Ansari Road, Daryaganj,
_bNew Delhi
_e110002
300 _a304p.
_c23cm(pbk)
700 _aBaljit Singh
942 _adpl
_cEN
_2ddc
_mORG
_h796.06
999 _c30688
_d30688